| 000 | 01745nam0a22003491 4500 | ||
|---|---|---|---|
| 001 | rc\2213179 | ||
| 005 | 20110829170222.0 | ||
| 035 | _a(NLR Aleph) 006696751 | ||
| 090 |
_a5202132 _c5202132 |
||
| 100 | _a20110829d1978 |||y0rusy50 ca | ||
| 101 | 0 | _arus | |
| 102 | _aRU | ||
| 105 | _aa z ||||| | ||
| 200 | 1 |
_aПринципы оценки эксплуатационных ресурсов подземных вод в речных долинах _f[О.А. Гидрат, А.Г. Гриф, И.К. Невечеря и др. _gНауч. ред. И.К. Невечеря] |
|
| 210 |
_aМосква _cИзд-во МГУ _d1978 |
||
| 215 |
_a228 с. _cил. _d22 |
||
| 300 | _aВ надзаг.: МГУ им. М.В. Ломоносова, Пробл. лаб. охраны геол. среды и взаимосвязи поверхност. и подзем. вод геол. фак. | ||
| 320 | _aСписок лит.: с. 223-228 | ||
| 606 |
_aВоды подземные _xПополнение запасов _2psbo |
||
| 606 |
_aРечные долины _xГидрогеологические исследования _2psbo |
||
| 701 | 1 |
_aГриф _bА. Г. |
|
| 701 | 1 |
_aГидрат _bО. А. |
|
| 702 | 0 | _aВоды подземные - Пополнение япзссэ | |
| 702 | 1 |
_aНевечеря _bИ. К. _4570 |
|
| 712 | 0 | 2 |
_aМГУ им. М.В. Ломоносова _bПроблемная лаборатория охраны геологической среды и взаимосвязи поверхностных и подземных вод |
| 801 | 0 |
_aRU _bNLR _gpsbo |
|
| 801 | 1 |
_aRU _bELAR _2rusmarc |
|
| 852 |
_aNLR _j78-5/3247 |
||
| 899 |
_aRuMoRGB _jБ 78-9/298 |
||
| 899 |
_aRuMoRGB _jБ 78-9/299 |
||
| 942 | _cBOOK | ||
| 980 | _aNB | ||